Paço Ducal de Vila Viçosa (Registo nº 1465)

Detalhes MARC
000 -Etiqueta do registo
Cabeçalho 00721nam0a2200241 4500
005 - Identificador da versão
Campo de controlo 20240823104815.0
010 ## - Número internacional normalizado dos livros (ISBN)
Número (ISBN) 9789728938185
021 ## - Número do Depósito Legal
Código do país PT
Número 257926/07
100 ## - Dados gerais de processamento
Dados gerais de processamento 20150325d2007 m y0pory5003 ba
101 0# - Língua de publicação
Língua do texto, banda sonora, etc. Português
102 ## - Pais de publicação ou produção
País de publicação Portugal
200 1# - Titulo e menção de responsabilidade
Título próprio Paço Ducal de Vila Viçosa
Primeira menção de responsabilidade textos Rita Penedos Duarte
Outras menções de responsabilidade fot. Luísa Ferreira
210 ## - Publicação, Distribuição, etc. 
Lugar da edição, distribuição, etc. [Lisboa]
Nome do editor, distribuidor, etc. Tugaland
Data da publicação, distribuição, etc. cop. 2007
215 ## - Descrição física 
Indicação específica da natureza do documento e extensão da espécie 68, [3] p. a 2 colns
Outras indicações físicas il. color.
Dimensões 20 x 15 cm
225 2# - Colecção 
Título próprio da colecção O país das maravilhas
Indicação de volume 18
606 ## - Nome comum usado como assunto
Número de registo de entrada de autoridade 0002149
Palavra de ordem História
Subdivisão de assunto Portugal
Código do sistema CA
675 ## - Classificação Decimal Universal (CDU)
Notação 94(469)
Edição 3ª ed.
Língua da edição por
700 #1 - Nome de autor-pessoa física (responsabilidade principal)
Número de registo de entrada de autoridade 0002154
Palavra de ordem Duarte
Outra parte do nome não tomada para palavra de ordem Rita Penedos
702 #1 - Nome de autor-pessoa física (responsabilidade secundária)
Número de registo de entrada de autoridade 0002147
Palavra de ordem Ferreira
Outra parte do nome não tomada para palavra de ordem Luísa
Datas 1961-
Código de função Fotógrafo
942 ## - Elementos de entrada adicionados (Koha)
Tipo de item no Koha Livro
966 ## - Identificação da Biblioteca
Sigla EB2,3ENM
Exemplares
Situação do levantamento Origin of item (home branch) (coded) Biblioteca de empréstimo Código de barras Cota Circulation type (not for loan) Tipo de documento Nota do exemplar Damaged status
  Biblioteca Escolar Eng. Nuno Mergulhão Biblioteca Escolar Eng. Nuno Mergulhão BENM3399 94(469) PAÍ   Livro Sem mensagem